000 00646nam a2200265Ia 4500
005 20260121114436.0
008 008 260114s9999 xx 000 0 eng d
020 _a9788126593996
037 _aEBOOK
040 _aCRL
040 _beng
040 _cCRL
041 _2eng
041 _aeng
084 _qCRL
100 _aOhlhorst
_9975127
245 0 _aBig Data Analytics: Turning Big Data into Big Money
260 _bWiley
260 _c2020
650 _aAnalytics / Big Data
_9975128
856 _uhttps://ebooks.wileyindia.com/product-details/284530
942 _cEBOOK
999 _c1554178
_d1554178